000 00772nam a2200193 i 4500
001 24826
003 ES-MaACL
005 20240111173852.0
007 t|
008 021219s1879 sp ||||1| spa d
100 1 _aAparicio Requena, Ramón.
_922076
245 1 0 _aProyecto de organización farmacéutica
_b: o sea arreglo general del ejercicio práctico de la Farmacia en España : presentado al Congreso Médico-Farmaceútico Español de 1878 /
_cRamón Aparicio Requena.
260 _aMadrid :
_b[s.n.],
_c1879 (
_fOficina Tipográfica del Hospicio)
300 _a54 p. ;
_c23 cm.
611 2 4 _aCongreso Médico-Farmaceútico Español.
_d1878)
_9153292
650 4 _aFarmacia-
_zEspaña-
_vHistoria
_912719
852 _aES-MaACL
_jT-676-F-13
999 _c24826
_d24826